[Event "Open CEG 2017"]
[Site "?"]
[Date "2017.09.13"]
[Round "1"]
[White "Bürki Gilles"]
[Black "Izbicki Ralph"]
[Result "1-0"]
[WhiteElo "1893"]
[BlackElo "1614"]
[PlyCount "83"]
[EventDate "2017.??.??"]

1. d4 Nf6 2. c4 e6 3. Nf3 d6 {
Ralph va montrer une grande originalité dans son ouverture.} 4. Nc3 a6 5. e4
Be7 6. Bd3 Nbd7 7. O-O e5 8. d5 Nc5 9. Bc2 Bg4 10. b4 Ncd7 11. Be3 Nf8 12. Bd3
Ng6 13. Be2 Qc8 14. Qc2 h5 15. Ne1 h4 16. Bxg4 Nxg4 17. h3 Nf6 (17... Nxe3 18.
fxe3 $11) 18. c5 $16 Nh5 19. Nd3 Qd8 20. Qa4+ Kf8 21. Qd1 Bf6 22. Qg4 Nhf4 23.
Bxf4 exf4 24. Rac1 Bg5 25. Rc2 Qe7 26. Qe2 Re8 27. f3 Bf6 28. Nd1 Bd4+ 29. Kh2
$11 Qg5 30. Rc4 Qg3+ 31. Kh1 Be5 32. Qf2 Qg5 33. cxd6 Bxd6 34. Qa7 $16 {
Gilles a trouvé une ouverture.} f5 35. Re1 (35. Qxb7) 35... Qg3 (35... fxe4 36.
Rcxe4 Rxe4 37. Rxe4 Qxd5 $11) 36. Re2 fxe4 37. Rcxe4 $18 Rxe4 38. Rxe4 Kf7 39.
Qxb7 Qg5 40. N1f2 Ne7 41. Ng4 Qxd5 $2 42. Rxe7+ 1-0

[Event "Open CEG 2017"]
[Site "?"]
[Date "2017.09.13"]
[Round "1"]
[White "Zanetti Nicolas"]
[Black "Olmo José"]
[Result "0-1"]
[WhiteElo "1654"]
[BlackElo "2119"]
[PlyCount "83"]
[EventDate "2017.??.??"]

1. d4 Nf6 2. c4 g6 3. Nc3 d5 4. cxd5 Nxd5 5. e4 Nxc3 6. bxc3 c5 7. Bc4 Bg7 8.
Ne2 cxd4 9. cxd4 Nc6 10. Be3 O-O 11. O-O a6 12. Rc1 e6 13. d5 exd5 14. Bxd5 Be6
15. Bxe6 Qxd1 (15... fxe6) 16. Bxf7+ Kxf7 17. Rfxd1 Rfd8 18. Bb6 Rxd1+ 19. Rxd1
Re8 20. f3 Ne5 21. Bd4 Rd8 22. Rc1 Nxf3+ 23. gxf3 Bxd4+ 24. Nxd4 Rxd4 25. Rc7+
Kf6 26. Rxb7 Rd1+ 27. Kf2 Rd2+ 28. Ke3 Rxa2 29. Rxh7 a5 30. h4 Rb2 31. h5 Rb3+
32. Kf4 Rb5 (32... gxh5) 33. hxg6 $18 Kxg6 34. Ra7 Kf6 35. Ra6+ Ke7 36. e5 Rb4+
37. Kf5 a4 38. Ra7+ Kf8 39. e6 Ke8 40. Ke5 Rb3 41. f4 a3 42. Kf6 {
La première grosse surprise. José va connaître un tournoi difficile.} 0-1

[Event "Open CEG 2017"]
[Site "?"]
[Date "2017.09.13"]
[Round "1"]
[White "Babel Ludovic"]
[Black "Broome Jérémy"]
[Result "1-0"]
[WhiteElo "1553"]
[BlackElo "1848"]
[PlyCount "51"]
[EventDate "2017.??.??"]

1. e4 c5 2. Nc3 Nc6 3. f4 g6 4. Nf3 Bg7 5. Bc4 e6 6. O-O Nge7 7. Qe1 O-O 8. d3
d5 9. Bb3 Nd4 10. f5 exf5 11. Qh4 Nxf3+ (11... c4 12. dxc4 Nxb3 13. axb3 dxe4
$19) 12. Rxf3 Nc6 (12... fxe4) 13. Bg5 Qe8 14. Bxd5 Be6 15. exf5 Bxf5 16. Re1
Qd7 17. Bf6 Bxf6 18. Qxf6 Nd4 $2 (18... Rae8 $11) 19. Re7 $18 Nxf3+ 20. gxf3
Qxe7 21. Qxe7 Rab8 22. Ne4 Rbd8 23. Qxb7 (23. Bxf7+) 23... Bxe4 24. fxe4 Rb8
25. Qxa7 Rxb2 26. Qxc5 {le début d'un beau tournoi pour Ludovic} 1-0

[Event "Open CEG 2017"]
[Site "?"]
[Date "2017.09.13"]
[Round "1"]
[White "Schaerer, Marc"]
[Black "Dellenbach, Jean-Paul"]
[Result "1-0"]
[WhiteElo "1872"]
[BlackElo "1567"]
[PlyCount "51"]
[EventDate "2017.??.??"]

1. Nf3 d5 2. d4 Nf6 3. c4 e6 4. Bg5 Be7 5. Nc3 O-O 6. e3 Nbd7 7. Rc1 c6 8. Bd3
dxc4 9. Bxc4 b5 10. Bb3 a5 11. O-O a4 12. Bc2 Bb7 13. Qd3 g6 14. Rfd1 Re8 15.
Ne4 $2 c5 $2 (15... Nxe4 16. Bxe7 Nxf2 17. Bxd8 Nxd3 18. Bxd3 Raxd8 $15) 16.
Nxf6+ Bxf6 17. Bxf6 Qxf6 18. Qxb5 Bxf3 19. gxf3 Qxf3 $2 (19... Qg5+ 20. Kh1 Ra7
) 20. Qxd7 Qg4+ 21. Kf1 Qh3+ 22. Ke1 Qxh2 23. Be4 Qg1+ $2 24. Ke2 Qg4+ 25. Bf3
Rad8 $2 26. Qxe8+ 1-0

[Event "Open CEG 2017"]
[Site "?"]
[Date "2017.09.13"]
[Round "1"]
[White "Bujard, Didier"]
[Black "Schaerer, Marie-Anne"]
[Result "0-1"]
[WhiteElo "1529"]
[BlackElo "1749"]
[PlyCount "109"]
[EventDate "2017.??.??"]

1. d4 f5 2. Nf3 Nf6 3. Bg5 g6 4. e3 Bg7 5. c3 O-O 6. Nbd2 d5 7. Rc1 Nbd7 8. Bd3
h6 9. Bxf6 Nxf6 10. Ne5 Kh7 11. O-O Nd7 12. Ndf3 Nxe5 13. dxe5 e6 14. Bb1 c5
15. Qa4 (15. c4) 15... Qc7 16. b4 Bd7 17. Qa3 c4 18. Qb2 Bxe5 19. Rfe1 (19.
Nxe5) 19... Bg7 20. Nd2 b5 21. f4 a5 22. bxa5 Rxa5 $19 23. Qb4 Re8 24. Qb2 Raa8
(24... b4) 25. Nf3 Rab8 26. a3 Bc6 27. g3 e5 28. Kf2 (28. fxe5) 28... Qb6 (
28... d4) 29. Rcd1 Re7 (29... d4) 30. Qb4 Ree8 31. a4 $2 exf4 32. Nd4 (32. gxf4
) 32... fxg3+ 33. hxg3 Rb7 34. a5 Qc7 35. Rd2 Bf8 36. Qb2 b4 37. Qa1 bxc3 38.
Ra2 Rb2+ (38... Bd6) 39. Rxb2 cxb2 40. Qxb2 Bc5 41. Qc3 Bxd4 (41... Qe5) 42.
Qxd4 Qxa5 43. Qf6 Qc7 44. Bc2 (44. Bxf5 gxf5 45. Rh1 Qg7 46. Qxc6 Rg8 47. Rh3
d4 $19) 44... Ba8 45. Ra1 Qg7 46. Qa6 Qb7 (46... d4) 47. Qa4 Rg8 48. Rb1 Qc6
49. Qa7+ Rg7 50. Qa5 $2 d4 51. e4 fxe4 52. Rb8 $2 e3+ 53. Kf1 Qh1+ 54. Ke2 Qg2+
(54... Bf3#) 55. Kd1 0-1

[Event "Open CEG 2917"]
[Site "?"]
[Date "2017.10.04"]
[Round "2"]
[White "Chablais Christian"]
[Black "Vederhus Alf"]
[Result "1/2-1/2"]
[WhiteElo "1547"]
[BlackElo "1631"]
[PlyCount "68"]
[EventDate "2017.??.??"]

1. c4 c5 2. Nc3 Nc6 3. g3 Nf6 4. Bg2 g6 5. Nf3 Bg7 6. O-O O-O 7. Rb1 e6 8. e3
d5 9. cxd5 exd5 10. d4 Bf5 11. Ra1 cxd4 12. Nxd4 Nxd4 13. exd4 h6 14. h3 Re8
15. Be3 Ne4 16. Rc1 Rc8 (16... Nxg3 $17) 17. Nxe4 Bxe4 18. Qd2 Bxg2 19. Kxg2
Kh7 20. Rxc8 Qxc8 21. Rc1 Qd7 22. Rc2 Rc8 23. Qc1 (23. Rxc8 Qxc8 24. Qa5 $16)
23... Rxc2 24. Qxc2 Qc6 25. Qc3 a6 26. Qxc6 bxc6 27. b4 g5 28. f3 f5 29. Bf2 h5
30. g4 hxg4 31. hxg4 Kg6 32. Kf1 Bf6 33. Ke2 Bd8 34. Kd3 Kf6 1/2-1/2

[Event "Open CEG 2017"]
[Site "?"]
[Date "2017.10.04"]
[Round "2"]
[White "Broome Jérémy"]
[Black "Tinguely Frédéric"]
[Result "1/2-1/2"]
[WhiteElo "1848"]
[BlackElo "1605"]
[PlyCount "81"]
[EventDate "2017.??.??"]

1. e4 e6 2. d4 d5 3. e5 c5 4. c3 Nc6 5. Nf3 Qb6 6. Bd3 cxd4 7. cxd4 Bd7 8. O-O
Nxd4 9. Ng5 {original} g6 (9... Nc6 $15) 10. Be3 Qxb2 11. Nc3 Qxc3 12. Rc1 Qb4
13. Bxd4 Qxd4 14. Nxf7 (14. Nxe6 fxe6 15. Bxg6+ hxg6 16. Qxd4 b6 $15 {
normalement 3 pièces et un pion pour la Dame est meilleur, mais il faut bien
les coordonner. Il y aurait des difficultés pratiques à la réalisation.}) 14...
Qf4 15. Nxh8 Ne7 16. Re1 Bg7 17. g3 Qf8 (17... Qa4) 18. Nxg6 hxg6 19. Rb1 (19.
Rc7) 19... b6 20. Re3 Qh8 21. Qe2 Nf5 22. Bxf5 gxf5 $19 23. f4 Bf8 24. Rc3 Bc5+
25. Kg2 Bc6 (25... d4) 26. Rxc5 {meilleure chance pratique} bxc5 27. Qa6 Bd7
28. Rb7 Rd8 (28... Qh7) 29. Qxa7 Qf8 30. Rc7 c4 31. Qb6 Qa3 32. Ra7 Qd3 (32...
Qe7) 33. Rxd7 Qe2+ 34. Kg1 Qd1+ 35. Kg2 Rxd7 (35... Qd2+ {
le chemin de la victoire est très difficile à trouver sauf pour les machines...
} 36. Kf1 Rxd7 37. Qxe6+ Kd8 38. Qb6+ Kc8 39. e6 Qd3+ 40. Kf2 Rb7 41. Qc6+ Kb8
42. Qd6+ Ka7 43. Qc5+ Rb6 44. e7 Qc2+ 45. Kf1 Qb1+ 46. Kf2 Qxa2+ 47. Kf3 Qa4
$19) 36. Qxe6+ $11 Re7 37. Qc6+ Kd8 38. Qd6+ Ke8 39. Qc6+ Kf7 40. Qf6+ Ke8 41.
Qc6+ 1/2-1/2

[Event "Open CEG 2017"]
[Site "?"]
[Date "2017.10.18"]
[Round "3"]
[White "Vernay, Clovis"]
[Black "Schaerer, Marc"]
[Result "1-0"]
[WhiteElo "2503"]
[BlackElo "1872"]
[PlyCount "89"]
[EventDate "2017.??.??"]

1. d4 d5 2. c4 e6 3. Nc3 Nf6 4. cxd5 exd5 5. Bg5 Be7 6. Qc2 O-O 7. e3 c6 8. Bd3
h6 9. Bf4 Nbd7 10. Nf3 Re8 11. O-O Nf8 12. Rab1 a5 13. a3 Bd6 14. Bxd6 Qxd6 15.
Rfc1 Bg4 16. Nd2 Bh5 17. Na4 Bg6 18. Nb6 Bxd3 19. Qxd3 Ra6 20. Na4 N8d7 21. h3
Ne4 22. Nxe4 Rxe4 23. Qb3 b5 24. Qd3 Ra8 25. Nc3 Re6 26. a4 b4 27. Ne2 Nf6 28.
Rc2 Ne4 29. Rbc1 Qd7 30. Nf4 Rf6 31. f3 Ng5 32. h4 Nh7 33. Qd2 Nf8 34. Nd3 Rc8
$6 35. Ne5 Qb7 36. Rc5 Qa6 $2 (36... Nd7 37. Rxa5) 37. h5 $18 {
la réalisation de l'avantage sera sans bavure.} Rd6 38. Qc2 Ne6 39. Nxc6 Nxc5
40. Ne7+ Kf8 41. Nxc8 Qxc8 42. Qxc5 Qa6 43. Qc8+ Qxc8 44. Rxc8+ Ke7 45. Rc5 1-0

[Event "Open CEG 2017"]
[Site "?"]
[Date "2017.10.11"]
[Round "3"]
[White "Delmonico, Nils"]
[Black "Zanetti, Nicolas"]
[Result "1-0"]
[WhiteElo "2024"]
[BlackElo "1654"]
[PlyCount "39"]
[EventDate "2017.??.??"]

1. e4 c5 2. Nc3 Nc6 3. Bb5 Nd4 4. Bc4 e6 5. Nge2 Nxe2 6. Qxe2 d6 7. O-O Be7 8.
f4 Nf6 9. e5 dxe5 10. fxe5 Nd7 (10... Qd4+ 11. Kh1 Nd7 $11) 11. d3 O-O 12. Bf4
Bg5 13. Rae1 a6 14. Qh5 h6 15. Ne4 Bxf4 16. Rxf4 b5 17. Bb3 Qe7 18. Ref1 Nb6 $2
(18... c4 19. dxc4 Bb7 20. Nf6+ Kh8 21. Ng4 $18) 19. Rg4 Kh8 (19... Nd5 20. Rf6
Nxf6 21. exf6) 20. Rf6 {et mat en 4} 1-0

[Event "Open CEG 2017"]
[Site "?"]
[Date "2017.10.11"]
[Round "3"]
[White "Daverio, Edoardo"]
[Black "Pecorini, Jean-Marc"]
[Result "0-1"]
[WhiteElo "1993"]
[BlackElo "1685"]
[PlyCount "88"]
[EventDate "2017.??.??"]

1. d4 Nf6 2. c4 g6 3. Nc3 d5 4. cxd5 Nxd5 5. e4 Nxc3 6. bxc3 Bg7 7. Bb5+ Nc6 8.
Ne2 O-O 9. O-O Na5 10. Be3 c6 11. Bd3 e5 12. Rc1 (12. dxe5 Bxe5 13. f4 $14)
12... b5 13. Qd2 Be6 14. f4 Bc4 15. fxe5 Bxe5 16. Bh6 Bxd3 17. Bxf8 (17. Qxd3
Qh4 18. Bf4 Bg7) 17... Bxe2 18. Qxe2 Bxd4+ 19. Kh1 Bxc3 $6 (19... Bb6 $11 {
selon les machines, mais on préfère jouer les Blancs}) 20. Rxc3 $16 Qxf8 21. e5
Re8 22. Rcf3 Nc4 23. e6 f5 24. g4 Qd6 25. gxf5 $18 Qe5 26. Qd3 (26. Qg2) 26...
Qd5 27. Qxd5 cxd5 28. f6 $2 (28. Re1) 28... Rxe6 $11 29. f7+ Kf8 30. Rd3 Rd6
31. Rh3 h5 32. Rd3 Ne5 33. Rc3 Nc4 34. Rf2 Rd7 (34... d4) 35. Rd3 d4 36. Rb3 $6
{Edoardo s'embrouille voulant sans doute gagner à tout prix...} a6 37. a4 $2 {
le coup perdant} d3 38. Rb1 d2 39. Rd1 Rxf7 (39... bxa4) 40. Rxf7+ (40. Rfxd2 {
aurait poser plus de problèmes à Jean-Marc}) 40... Kxf7 41. axb5 axb5 42. Kg1
Ke6 43. Kf2 b4 44. Ke2 (44. Ke2 b3 45. h3 b2 46. Rb1 Ke5 47. Kd3 (47. Kd1 Kd4)
47... Na3) 44... b3 {Edoardo tombe au temps...} 0-1

[Event "Open CEG 2017"]
[Site "?"]
[Date "2017.11.01"]
[Round "4"]
[White "Dib, Billal"]
[Black "Vernay, Clovis"]
[Result "0-1"]
[WhiteElo "1873"]
[BlackElo "2503"]
[PlyCount "88"]
[EventDate "2017.??.??"]

1. e4 e6 2. b3 d5 3. Bb2 dxe4 4. Nc3 Nf6 5. d3 exd3 6. Bxd3 Nc6 7. Nf3 Nb4 8.
Bb5+ Bd7 9. Qe2 c6 10. Bc4 b5 11. Bd3 Qa5 12. a4 Nxd3+ 13. Qxd3 b4 14. Ne4 Nxe4
15. Qxe4 f6 16. O-O-O $11 {selon les machines, mais...} Rd8 17. Rhe1 Be7 18.
Qg4 g6 19. Qc4 Qf5 20. Kb1 c5 (20... O-O 21. Nd4 Qc5 $11) 21. Nh4 Qh5 22. g3
Rf8 (22... Bc8) 23. Rd3 Rf7 24. Qa6 g5 25. Nf5 $5 exf5 26. Rde3 (26. Bxf6 Qg6
27. Rd6 Rxf6 28. Rxf6 Qg7 29. Rd6 $11 {toujours selon les machines}) 26... Qg6
27. Qd6 Qg7 28. Ka2 $2 (28. Qxc5 f4 29. Rd3 Qg6 30. Qxb4 Kf8 31. Qd2 {
avec équilibre compliqué}) 28... Bc8 $2 29. Qxc5 (29. Qc6+ Bd7 (29... Kf8 30.
Rxe7 Rxe7 31. Bxf6 Rxe1 32. Bxg7+ Kxg7 33. Qc7+ Rd7 34. Qxc8 Rdd1 35. Qc7+ $11)
30. Qd6) 29... Kf8 $17 30. Qc7 Re8 31. Qc6 (31. f4) 31... f4 32. Re4 (32. Rxe7
Rfxe7 33. Bxf6 Rxe1 34. Qc5+ Qe7 35. Bxe7+ R1xe7 36. Qxg5 $17) 32... Bf5 33.
Rc4 (33. Rxe7) 33... Qg6 $19 34. Qb5 Bxc2 35. Rxb4 Qf5 36. Qxf5 Bxf5 37. Rb7
Bc5 38. Rxe8+ Kxe8 39. Rb5 Rc7 40. Bxf6 Bd3 41. Rb8+ Kf7 42. Bxg5 f3 43. Bh6 $2
Kg6 $2 (43... Bd6) 44. Rd8 Bc2 0-1

[Event "Open CEG 2917"]
[Site "?"]
[Date "2017.11.01"]
[Round "4"]
[White "Pecorini, Jean-Marc"]
[Black "Bürki, Gilles"]
[Result "0-1"]
[WhiteElo "1685"]
[BlackElo "1893"]
[PlyCount "62"]
[EventDate "2017.??.??"]

1. d4 Nf6 2. c4 c5 3. d5 b5 4. Qc2 d6 5. e4 Nbd7 6. cxb5 a6 7. Nf3 axb5 8. Bxb5
Qa5+ 9. Nc3 Ba6 10. Bxa6 (10. Bc6 Rc8 11. e5 dxe5 12. Nxe5 $18) 10... Qxa6 11.
Qe2 g6 12. Nb5 Qb6 13. Nd2 Bg7 14. Nc4 Qb8 15. a4 O-O 16. Bd2 $4 Nb6 $4 (16...
Qxb5 17. axb5 Rxa1+) 17. Na5 Re8 18. O-O Nfd7 $2 19. Nc6 $18 Qb7 20. a5 Nc8 21.
Bc3 (21. a6 Rxa6 (21... Qb6 22. a7 Qb7) 22. Nxd6) 21... Nb8 22. Nxb8 Rxb8 23.
Na3 Na7 24. Nc4 Qa6 25. Bxg7 Kxg7 26. Qc2 Nb5 27. Nb6 Nd4 28. Qc4 $4 Rxb6 29.
Qxa6 Rxa6 30. Rfd1 Rb8 31. Ra2 Rb5 0-1

[Event "Open CEG 2017"]
[Site "?"]
[Date "2017.11.01"]
[Round "4"]
[White "Suljevic, Elvis"]
[Black "Amos, Leo"]
[Result "1-0"]
[WhiteElo "1895"]
[BlackElo "1757"]
[PlyCount "65"]
[EventDate "2017.??.??"]

1. e4 e5 2. Nf3 Nc6 3. Bb5 a6 4. Ba4 Nf6 5. O-O Be7 6. Re1 b5 7. Bb3 d6 8. h3
Na5 9. c3 Nxb3 10. axb3 Bb7 11. d3 O-O 12. Nbd2 Re8 13. Nf1 g6 14. Ng3 Bf8 15.
b4 Bg7 16. Be3 d5 17. exd5 Nxd5 18. Bg5 f6 19. Bd2 Nb6 20. Qe2 f5 21. Rad1 Qd5
22. Bc1 a5 23. bxa5 Rxa5 24. Qc2 c5 25. b3 Rea8 26. c4 bxc4 27. bxc4 Qc6 28.
Bb2 Ra2 29. Qb3 e4 $2 30. Bxg7 exf3 (30... Kxg7 31. dxe4 $19) 31. Bb2 $1 Qd6
32. Rb1 (32. Qc3) 32... R2a6 $2 33. Qc3 1-0

[Event "Open CEG 2017"]
[Site "?"]
[Date "2017.11.01"]
[Round "4"]
[White "Broome, Jérémy"]
[Black "Zanetti, Nicola"]
[Result "0-1"]
[WhiteElo "1848"]
[BlackElo "1654"]
[PlyCount "100"]
[EventDate "2017.??.??"]

1. e4 c5 2. d4 cxd4 3. c3 g6 4. Nf3 Bg7 5. cxd4 d5 6. e5 Bg4 7. Nc3 Nc6 8. Be2
Nh6 9. O-O Nf5 10. Be3 e6 11. Qd2 f6 12. exf6 Qxf6 13. Bg5 Qf7 14. Rfe1 $2 (14.
Nh4) 14... Bxf3 15. Bxf3 Nfxd4 $2 (15... O-O 16. Ne2 Nfxd4) 16. Bxd5 O-O 17.
Bxc6 Nxc6 18. Be3 Rad8 19. Qe2 Nd4 20. Bxd4 Bxd4 21. Rf1 Bxc3 22. bxc3 Rc8 23.
Qe3 b6 24. Rac1 Rc5 25. f4 Rf5 26. Rfe1 $2 (26. Qe2 Rxf4 27. Rxf4 Qxf4 28.
Qxe6+) 26... Rxf4 27. Qh3 Rf2 28. Ra1 e5 29. a3 Rc2 30. Rf1 Rf2 31. Rfe1 Ra2
32. Qg3 Rxa1 33. Rxa1 Qf4 34. Qe1 e4 $19 35. Qe2 e3 36. Rf1 Qxf1+ $2 (36... Qe4
) 37. Qxf1 Rxf1+ 38. Kxf1 Kf7 39. Ke2 Ke6 40. Kxe3 (40. c4 {
seul coup pour faire nul... trop difficile pour un humain.}) 40... Kd5 41. Kd3
b5 42. g4 $2 g5 43. h3 h6 44. Kc2 Kc4 45. Kb2 a5 46. Kc2 a4 47. Kd2 Kb3 48. Kd3
Kxa3 49. Kc2 Ka2 50. c4 b4 0-1

[Event "Open CEG 2017"]
[Site "?"]
[Date "2017.11.01"]
[Round "4"]
[White "Bujard, Didier"]
[Black "Vederhus, Alf"]
[Result "0-1"]
[WhiteElo "1529"]
[BlackElo "1631"]
[PlyCount "92"]
[EventDate "2017.??.??"]

1. d4 d5 2. Bf4 c6 3. e3 Nf6 4. Nd2 Bf5 5. Ngf3 e6 6. Ne5 Nbd7 7. Be2 Nxe5 8.
dxe5 Nd7 9. a3 Be7 10. Nf3 c5 11. c3 a6 12. h3 h6 13. Nd2 c4 14. Nf1 Bg5 15.
Bh2 Nc5 16. Nd2 O-O 17. O-O Qb6 18. Qc1 Bd3 $19 19. Re1 Bxe2 20. Rxe2 Nd3 21.
Qc2 Be7 22. b3 Rac8 23. bxc4 dxc4 24. Nxc4 Rxc4 25. Qxd3 Qc6 26. Rc2 Rd8 27.
Qe2 Rd5 (27... Rxc3) 28. Rb1 Rdc5 29. Bg3 Rxc3 30. Rxc3 Rxc3 31. a4 Ra3 32. Qb2
Rxa4 33. Qxb7 Qxb7 34. Rxb7 Ra1+ 35. Kh2 Ba3 36. Ra7 Bb2 37. f4 a5 38. e4 Bd4
39. Rd7 $2 Be3 (39... Bg1+ 40. Kh1 a4) 40. Rd3 Bc5 (40... Bg1+) 41. Bh4 a4 42.
Rc3 Bd4 43. Rd3 Bb2 44. Be7 a3 45. Rb3 $2 a2 46. Ba3 $2 Rh1+ 0-1

[Event "Open CEG 2017"]
[Site "?"]
[Date "2017.11.08"]
[Round "5"]
[White "Vernay, Clovis"]
[Black "Olmo, José"]
[Result "1-0"]
[WhiteElo "2503"]
[BlackElo "2119"]
[PlyCount "107"]
[EventDate "2017.??.??"]

1. d4 e6 2. c4 f5 3. d5 e5 4. a3 Nf6 5. Nc3 Be7 6. Bg5 d6 7. Bxf6 Bxf6 8. e4
O-O 9. Bd3 Qe8 10. Nf3 Qg6 11. O-O f4 12. Re1 Nd7 13. b4 a5 14. Qc2 Bd8 15.
Rac1 axb4 16. axb4 Nf6 17. Ra1 Rxa1 18. Rxa1 h5 19. Kf1 h4 20. h3 Nh7 21. Ra8
Bd7 22. Be2 Ng5 23. Nxg5 Qxg5 24. Bf3 Qf6 25. Rb8 b6 26. b5 g5 27. Qe2 Kh7 28.
Na2 Qh6 29. Bg4 f3 $6 30. gxf3 Bxg4 31. fxg4 $18 Qf6 32. Kg2 Be7 33. Rb7 Rc8
34. Nb4 Kg6 35. Ra7 Bd8 36. Ra3 Qf8 37. Qd2 Bf6 38. Nc2 Be7 39. Ne3 Qf4 40. Qc2
Qf8 41. Nf5 Bf6 42. Qa2 Qd8 43. Ra7 Qf8 $2 44. Qa6 Qd8 45. Qb7 Qg8 46. Kf1 Qf8
(46... Qd8 47. Nxd6 Rb8 48. Qxc7) 47. Nxd6 Qxd6 48. Qxc8 Qb4 $2 {
c'est mat en 9 en commençant par Df5+} 49. Qe8+ Kh6 50. Qh5+ Kg7 51. Rxc7+ Be7
52. Qxg5+ Kf8 53. Rc8+ Kf7 54. Qg8+ {et mat en 1... Rf6, g5 mat} 1-0

[Event "Open CEG 2017"]
[Site "?"]
[Date "2017.11.08"]
[Round "5"]
[White "Delmonico, Nils"]
[Black "Dib, Billal"]
[Result "0-1"]
[WhiteElo "2024"]
[BlackElo "1873"]
[PlyCount "56"]
[EventDate "2017.??.??"]

1. e4 e6 2. d4 d5 3. Nd2 Nf6 4. e5 Nfd7 5. Bd3 c5 6. c3 b6 7. Ndf3 Ba6 8. Ne2
Be7 9. O-O Bxd3 10. Qxd3 Qc7 11. c4 dxc4 12. Qxc4 O-O 13. Bf4 Qc6 14. dxc5 Qxc5
15. Qe4 Na6 16. Qd3 Ndb8 17. Rac1 Nb4 18. Qb1 Qb5 19. Rfd1 $4 Qxe2 20. Rc7 Bc5
21. Bg3 h6 22. Rd2 Qc4 23. b3 Qg4 24. a3 Nd5 25. h3 Qg6 (25... Qxg3 26. Rxc5
Qxf3 27. gxf3 bxc5 {et cela reste gagnant pour les Noirs}) 26. Qxg6 fxg6 27.
Rxd5 exd5 28. b4 Na6 {... 40 coups} 0-1

[Event "Open CEG 2017"]
[Site "?"]
[Date "2017.11.08"]
[Round "5"]
[White "Amos, Léo"]
[Black "Elkiess, Grégory"]
[Result "0-1"]
[WhiteElo "1757"]
[BlackElo "1705"]
[PlyCount "36"]
[EventDate "2017.??.??"]

1. e4 c5 2. Nf3 g6 3. d4 cxd4 4. Nxd4 Nc6 5. c4 Nf6 6. Nc3 d6 7. f3 Nxd4 8.
Qxd4 Bg7 9. Be3 O-O 10. Qd2 Be6 11. Be2 Qa5 12. O-O Rfc8 13. Nd5 $2 Qxd2 14.
Nxe7+ $2 (14. Bxd2 Nxd5 15. cxd5 Rc2 $17) 14... Kf8 {
sans Tour en f8 c'est possible} 15. Nxg6+ hxg6 16. Bxd2 Bxc4 17. Bxc4 Rxc4 18.
Bc3 Nh5 0-1

[Event "Open CEG 2017"]
[Site "?"]
[Date "2017.11.08"]
[Round "5"]
[White "Chablais, Christian"]
[Black "Broome, Jérémy"]
[Result "0-1"]
[WhiteElo "1547"]
[BlackElo "1848"]
[PlyCount "62"]
[EventDate "2017.??.??"]

1. c4 c6 2. d4 d5 3. e3 Nf6 4. Nc3 a6 5. a4 e6 6. Nf3 Bd6 7. cxd5 cxd5 8. Bd3
Nc6 9. O-O O-O 10. Bd2 Nb4 11. Bb1 Bd7 12. Na2 Nxa2 13. Rxa2 Rc8 14. b4 Qe7 15.
Qb3 b5 16. a5 Rc7 17. Ne1 e5 18. dxe5 Qxe5 19. Nf3 Qh5 20. h3 $2 Bxh3 21. gxh3
Qxf3 22. Re1 $2 (22. Qd1) 22... Qxh3 23. f4 Qg3+ 24. Kf1 Qf3+ 25. Kg1 Ng4 (
25... Bxf4) 26. Bc1 Bxf4 27. Qd3 Qg3+ 28. Kf1 Qh3+ 29. Ke2 Re8 30. Rg1 $2 Qh2+
{c'est mat en 7 ou plus vite} 31. Kf3 $2 Ne5# 0-1

[Event "Open CEG 2017"]
[Site "?"]
[Date "2017.11.08"]
[Round "5"]
[White "Champoud, Gilles"]
[Black "Daverio, Edoardo"]
[Result "0-1"]
[WhiteElo "1634"]
[BlackElo "1993"]
[PlyCount "56"]
[EventDate "2017.??.??"]

1. Nf3 Nf6 2. Nc3 e6 3. e4 c5 4. d4 cxd4 5. Nxd4 Nc6 6. Bg5 Bb4 7. Nxc6 bxc6 8.
Qf3 h6 9. Bd2 e5 10. a3 Be7 11. Bc4 d6 12. h3 O-O 13. O-O-O {
un peu optimiste ce grand roque} Be6 14. Be2 Rb8 15. Be3 Qa5 16. Rd2 $2 Rb7 (
16... Rxb2 17. Kxb2 d5) 17. Nd1 Rfb8 18. c3 d5 19. exd5 cxd5 20. Qg3 Ne4 (20...
Bxa3) 21. Qxe5 Bxa3 22. Bd4 Bf8 23. Rf1 $2 Qa1+ 24. Kc2 Rxb2+ 25. Kd3 Rxd2+ 26.
Ke3 Rb1 27. f3 Rxe2+ 28. Kxe2 Qa2+ 0-1

[Event "Open CEG 2017"]
[Site "?"]
[Date "2017.11.08"]
[Round "5"]
[White "Vederhus, Alf"]
[Black "Babel, Ludovic"]
[Result "0-1"]
[WhiteElo "1631"]
[BlackElo "1553"]
[PlyCount "162"]
[EventDate "2017.??.??"]

1. e4 d5 2. exd5 Nf6 3. Nf3 Bg4 4. Bb5+ Bd7 5. Bxd7+ Qxd7 6. O-O Qxd5 7. Nc3
Qh5 8. d4 Nc6 9. Bf4 O-O-O 10. Ne2 e6 11. Ng3 Qb5 12. b3 Nh5 $2 13. a4 (13. c4)
13... Qa5 14. Bd2 Bb4 15. Nxh5 $2 (15. Bxb4 Nxb4 16. c3 Nc6 17. b4 Qd5 18. c4
Qxc4 19. Nxh5) 15... Qxh5 16. c3 Bd6 17. Qc1 e5 18. dxe5 Nxe5 19. Nxe5 Bxe5 20.
Bf4 Rd3 21. Bxe5 Qxe5 22. Re1 Qxc3 23. Qf4 Qf6 24. Qg4+ Kb8 25. Qe4 Qd8 26.
Rab1 Qd5 27. Qe7 Rd8 28. h3 g6 29. Re3 Rd1+ 30. Rxd1 Qxd1+ 31. Kh2 Qd6+ 32.
Qxd6 cxd6 33. Re7 d5 34. Kg1 Kc8 35. Rxf7 Rd7 36. Rf3 Kc7 37. Rd3 Kc6 38. f4
Re7 39. Kf2 Rf7 40. Ke3 h5 41. g3 Re7+ 42. Kf3 Kc5 43. g4 d4 44. gxh5 gxh5 45.
f5 Kd5 46. Kf4 Re4+ 47. Kg5 Re3 48. Rd2 Rxh3 49. f6 Rf3 50. Kg6 h4 51. f7 Ke6
52. Re2+ Kd5 53. Re8 d3 54. f8=Q Rxf8 55. Rxf8 {les machines annoncent =} Ke4
56. Re8+ Kf3 57. Kf5 d2 58. Rd8 Ke2 59. Re8+ Kd3 60. Rd8+ Kc2 61. Rc8+ Kxb3 62.
Rd8 Kc2 63. Rc8+ Kd1 64. Kg4 a6 65. a5 Ke2 66. Re8+ Kd3 67. Rd8+ Kc3 $2 (67...
Kc2) 68. Rc8+ $2 (68. Kf3 {gagne pour les Blancs} Kc2 69. Ke2 h3 70. Rxd2+ Kc3
71. Ke3 Kb4 72. Rb2+ Kxa5 73. Rxb7 h2 74. Rb1) 68... Kb4 69. Rd8 Kxa5 $2 70.
Rxd2 b5 71. Rb2 Kb6 72. Kxh4 a5 73. Kg3 b4 74. Kf3 Kb5 75. Ke3 Kc4 76. Ra2 $2
Kb5 $2 (76... b3 $11) 77. Kd3 b3 78. Ra1 Kb4 79. Kd2 $2 b2 $11 80. Rb1 $2 (80.
Rc1 $11) (80. Rh1 $11) 80... Kb3 {les Noirs gagnent maintenant} 81. Kd3 a4 0-1

[Event "Open CEG 2017"]
[Site "?"]
[Date "2017.11.08"]
[Round "5"]
[White "Dellenbach, Jean-Paul"]
[Black "Henneaux, Michel"]
[Result "1-0"]
[WhiteElo "1567"]
[BlackElo "1221"]
[PlyCount "59"]
[EventDate "2017.??.??"]

1. e4 e6 2. d4 d5 3. e5 Nc6 4. Nf3 Nge7 5. c4 dxc4 6. Bxc4 Nf5 7. O-O a6 (7...
Nfxd4 8. Bf4 {les machines disent = malgré le pion de plus des Noirs}) 8. d5 b5
9. dxc6 bxc4 10. Qxd8+ Kxd8 11. Rd1+ Ke8 12. g4 Ne7 13. Bg5 h6 14. Bxe7 Bxe7
15. Nc3 f6 16. Rd4 Rb8 17. Rxc4 Rxb2 18. Rb1 Rxb1+ 19. Nxb1 f5 20. Nc3 fxg4 21.
Rxg4 g5 22. Nd4 Bc5 23. Ne4 Rf8 $2 24. Nxc5 a5 25. Ncxe6 Bxe6 26. Nxe6 Rf7 27.
a4 Re7 28. Nc5 Rxe5 29. Re4 Rxe4 30. Nxe4 1-0

[Event "Open CEG 2017"]
[Site "?"]
[Date "2017.11.08"]
[Round "5"]
[White "Ouatas, Mabrouk"]
[Black "Bujard, Didier"]
[Result "1-0"]
[WhiteElo "1366"]
[BlackElo "1529"]
[PlyCount "53"]
[EventDate "2017.??.??"]

1. e4 d6 2. d4 Nf6 3. Nc3 Nbd7 4. Bc4 e5 5. d5 Be7 6. Nf3 h6 7. h3 Nf8 8. Nh4
g5 9. Nf5 Bxf5 10. exf5 Qc8 11. Qd3 a6 12. Be3 N8d7 13. O-O-O b5 14. Bb3 Qb7
15. Rde1 c6 $6 16. dxc6 Qxc6 17. Nd5 Rb8 18. Nb4 Qb7 19. Bd5 Nxd5 20. Nxd5 Nf6
$2 21. Nxf6+ Bxf6 22. Qxd6 Bg7 $2 (22... Be7 23. Qxe5 f6 24. Qe6 $18) 23. f6
Bf8 24. Qxe5+ Kd8 25. Rd1+ Kc8 26. Qe8+ Kc7 27. Qd7# 1-0